A népi imádságok Szűz Máriája a Dél-Alföldön

The investigation of archaic apocryphal folk prayers in a crucial part of the researches on the veneration of Virgin Mary. The author has collected folk texts from 62 villages and their surrounding farmsteads in Csongrád county. These folk prayers consist of some shorter and stale texts. Considering...

Teljes leírás

Elmentve itt :
Bibliográfiai részletek
Szerző: Polner Zoltán
Dokumentumtípus: Könyv része
Megjelent: 2001
Sorozat:Szegedi vallási néprajzi könyvtár 7
Boldogasszony : Szűz Mária tisztelete Magyarországon és Közép-Európában 7
Kulcsszavak:Mária-tisztelet - Magyarország, Folklór - magyar, Népi vallásosság - magyar, Ikonográfia - keresztény
Tárgyszavak:
Online Access:http://acta.bibl.u-szeged.hu/69972
LEADER 02532naa a2200277 i 4500
001 acta69972
005 20220201112046.0
008 200831s2001 hu o 0|| hun d
020 |a 963 482 319 X 
022 |a 1419-1288 
040 |a SZTE Egyetemi Kiadványok Repozitórium  |b hun 
041 |a hun 
041 |a eng 
100 1 |a Polner Zoltán 
245 1 2 |a A népi imádságok Szűz Máriája a Dél-Alföldön  |h [elektronikus dokumentum] /  |c  Polner Zoltán 
260 |c 2001 
300 |a 200-217 
490 0 |a Szegedi vallási néprajzi könyvtár  |v 7 
490 0 |a Boldogasszony : Szűz Mária tisztelete Magyarországon és Közép-Európában  |v 7 
520 3 |a The investigation of archaic apocryphal folk prayers in a crucial part of the researches on the veneration of Virgin Mary. The author has collected folk texts from 62 villages and their surrounding farmsteads in Csongrád county. These folk prayers consist of some shorter and stale texts. Considering the names given, the images of or references to Blessed Mary, logically the so called genealogical texts sholul lead the spectrum of folk prayers. Prayers with a genesis motive are considered iconographically as Mettertia: Saint Ann -Blessed Mary -Jesus. It is noteworthy, that this list is female-centered. May this be a determinative feature of the age or a way ofstressing the importancw of motherhood? The following prayertells the nightrest and morning awakening ofVirgin Mary. The prayer starting „The cooks are crowing / Calling Mary / Wake up, Mary, wake up / Wour son is being captured" does not only recites the fata bufferings ofthe Holy Week, but it evokesthe enormous pain which Christ's capturingmeans for the believer. Among the collected texts there are some which presents the tragedy in dialogue from. Such prayers were redorded only few times. These dramatical dialogues once must have formed a complete whole. They were likely to be a mystery-play with several characters. The image of Virgin Mary reflected in these prayers is based on the memory of oral tradition, while it is an expterience of iconographic description and drama passages at the same time. 
650 4 |a Társadalomtudományok 
650 4 |a Szociológia 
650 4 |a Bölcsészettudományok 
650 4 |a Filozófia, etika és vallástudományok 
695 |a Mária-tisztelet - Magyarország, Folklór - magyar, Népi vallásosság - magyar, Ikonográfia - keresztény 
856 4 0 |u http://acta.bibl.u-szeged.hu/69972/1/szegedi_vallasi_007_200-217.pdf  |z Dokumentum-elérés